| 000 | 00583nam a2200229Ia 4500 | ||
|---|---|---|---|
| 005 | 20250108124947.0 | ||
| 008 | 008 250107s9999 xx 000 0 eng d | ||
| 020 | _a978-81-263-1778-3 | ||
| 037 | _aTB | ||
| 040 |
_aCRL _beng _cCRL |
||
| 041 |
_aeng _2eng |
||
| 084 | _aT4.2 P4 | ||
| 084 | _qCRL | ||
| 100 |
_aMalik R. N. Au. _9730173 |
||
| 245 | 0 |
_aSardar Patel: the man who brought second independence _cMalik R. N. Au. |
|
| 260 | _c2833 | ||
| 300 | _a173p. | ||
| 365 |
_aINR _b350 |
||
| 650 | _aHISTORY | ||
| 942 |
_cTB _hT4.2 P4 |
||
| 999 |
_c1235221 _d1235221 |
||